00281nam a2200121Ia 4500008004100000041000900041082001500050100002200065245001700087260003900104300000800143650000800151230718s9999 xx 000 0 und d aEng. a340bBHA-M aBhatti, M. Sohail 0aMCQS on Laws aPakistanbBhatti Sons Publisherc" a747 aLaw